<?xml version="1.0" encoding="UTF-8"?>
<collection xmlns="http://www.loc.gov/MARC21/slim">
    <record>
        <controlfield tag="001">48033</controlfield>
        <controlfield tag="005">20160303123205.0</controlfield>
        <datafield tag="037" ind1=" " ind2=" ">
            <subfield code="a">TAZ-TFG-2015-758</subfield>
        </datafield>
        <datafield tag="041" ind1=" " ind2=" ">
            <subfield code="a">spa</subfield>
        </datafield>
        <datafield tag="100" ind1="1" ind2=" ">
            <subfield code="a">Jarque Rueda Adrián</subfield>
        </datafield>
        <datafield tag="245" ind1="0" ind2="0">
            <subfield code="a">Evolución y seguimiento de un caso de parálisis cerebral infantil.Análisis de los datos: Kinovea</subfield>
        </datafield>
        <datafield tag="260" ind1=" " ind2=" ">
            <subfield code="a">Zaragoza</subfield>
            <subfield code="b">Universidad de Zaragoza</subfield>
            <subfield code="c">2015</subfield>
        </datafield>
        <datafield tag="500" ind1=" " ind2=" ">
            <subfield code="a">Resumen disponible también en inglés</subfield>
        </datafield>
        <datafield tag="506" ind1=" " ind2=" ">
            <subfield code="a">by-nc-sa</subfield>
            <subfield code="b">Creative Commons</subfield>
            <subfield code="c">3.0</subfield>
            <subfield code="u">http://creativecommons.org/licenses/by-nc-sa/3.0/</subfield>
        </datafield>
        <datafield tag="520" ind1=" " ind2=" ">
            <subfield code="a">Introducción: La parálisis cerebral infantil (PCI) es un trastorno del desarrollo del movimiento y de la postura, que causa limitaciones en las actividades y es atribuido a una encefalopatía no progresiva del cerebro inmaduro, cuya causa puede ser pre-, peri- o postnatal. Planteamos un caso de PCI, debida a un hipotiroidismo primario autoinmune, con diplejía espástica. Se propone un programa de tratamiento fisioterápico para mejorar el estado y autonomía del paciente. Objetivos: probar la eficacia de un tratamiento fisioterápico, basado en la mejora del desarrollo psicomotor, del equilibrio, del sistema musculoesquelético y de la marcha, aplicado durante 7 meses, mediante el análisis de la marcha a través de un reciente programa informático llamado Kinovea. Metodología: Partimos de una valoración inicial para que, transcurrido el período del tratamiento, volvamos a valorar y comprobemos su eficacia. Estas valoraciones se realizan por medio de exploración visual, “The Gross Motor Function Measure-88 (GMFM-88)”, “The Gross Motor Function Clasiification System (GMFCS)”, valoración articular, “Escala de equilibrio pediátrica”, centro de gravedad por WiiFit y Kinovea. Conclusiones: el programa de tratamiento fisioterápico propuesto resulta efectivo; no obstante, al tratarse de un paciente neurológico, la mejoría que podemos observar durante este período de tiempo es mínima. Sería necesaria una mayor investigación del programa informático Kinovea en el campo de la fisioterapia.</subfield>
        </datafield>
        <datafield tag="521" ind1=" " ind2=" ">
            <subfield code="a">Graduado en Fisioterapia</subfield>
        </datafield>
        <datafield tag="540" ind1=" " ind2=" ">
            <subfield code="a">Derechos regulados por licencia Creative Commons</subfield>
        </datafield>
        <datafield tag="700" ind1=" " ind2=" ">
            <subfield code="a">Lapieza Laínez, María Gloria</subfield>
            <subfield code="e">dir.</subfield>
        </datafield>
        <datafield tag="700" ind1=" " ind2=" ">
            <subfield code="a">Pilar Yagüe Sebastian</subfield>
            <subfield code="e">dir.</subfield>
        </datafield>
        <datafield tag="710" ind1="2" ind2=" ">
            <subfield code="a">Universidad de Zaragoza</subfield>
            <subfield code="b"> </subfield>
            <subfield code="c"></subfield>
        </datafield>
        <datafield tag="856" ind1="0" ind2=" ">
            <subfield code="f">626606@celes.unizar.es</subfield>
        </datafield>
        <datafield tag="856" ind1="4" ind2=" ">
            <subfield code="s">1863726</subfield>
            <subfield code="u">http://zaguan.unizar.es/record/48033/files/TAZ-TFG-2015-758.pdf</subfield>
            <subfield code="y">Memoria (spa)</subfield>
        </datafield>
        <datafield tag="909" ind1="C" ind2="O">
            <subfield code="o">oai:zaguan.unizar.es:48033</subfield>
            <subfield code="p">driver</subfield>
            <subfield code="p">trabajos-fin-grado</subfield>
        </datafield>
        <datafield tag="950" ind1=" " ind2=" ">
            <subfield code="a"></subfield>
        </datafield>
        <datafield tag="951" ind1=" " ind2=" ">
            <subfield code="a">deposita:2016-03-03</subfield>
        </datafield>
        <datafield tag="980" ind1=" " ind2=" ">
            <subfield code="a">TAZ</subfield>
            <subfield code="b">TFG</subfield>
            <subfield code="c">EUCS</subfield>
        </datafield>
    </record>

    
</collection>